000 00777nam a2200229 a 4500
001 000042411
005 20201002040134.0
008 131128s1999 sp ac 000 0 spa d
020 _a8408033891
040 _aDO-SdBNP
_bspa
_cBNPHU
082 _axxx
_bA995G
100 1 _aDíaz Herrera, José
_d1950-
_969529
245 1 0 _aAznar /
_cJosé Díaz Herrera e Isabel Durán.
246 1 0 _aLa vida desconicida de un presidente.
260 _aEspaña :
_bPlaneta,
_c1999.
300 _a645 p. :
_bil., retrs. ;
_c23 cm.
490 1 _aDocumentos
500 _aIncluye referencias bibliográficas y notas al pie de las páginas.
500 _aIncluye datos biográficos de los autores en la solapa de la cubierta.
700 1 2 _aDurán, Isabel
_969530
830 0 _aDocumentos
_91047
999 _c41900
_d41900